| 000 | 01394 am a2200373 a 4500 | ||
|---|---|---|---|
| 001 | vtls000928661 | ||
| 003 | NLI | ||
| 005 | 20210627084348.0 | ||
| 008 | 110909s2009 njuda e 001 0 eng d | ||
| 020 |
_a9780691139623 _c$ 65.00 |
||
| 039 | 9 |
_a201109122241 _bkrishanuc _c201109122236 _dkrishanuc _y201109091651 _zsanjibk |
|
| 040 |
_aNLI _beng |
||
| 041 | 0 | _aeng | |
| 044 | _anju | ||
| 082 | 0 | 4 |
_a324.973092 _222 |
| 100 | 1 |
_aVavreck, Lynn, _d1968- _9858177 |
|
| 245 | 1 | 0 |
_aThe message matters : _bthe economy and presidental compaigns / _cLynn Vavreck |
| 260 |
_aPrinceton, N. J. : _bThe University Press, _c2009 |
||
| 300 |
_axxiii, 205 p.; _c24 cm. |
||
| 504 | _aIncludes bibliographical references and index | ||
| 650 | 0 |
_aPresidents _zUnited States _xElection _9703778 |
|
| 650 | 0 |
_aPolitical campaigns _zUnited States _9858178 |
|
| 650 | 0 |
_aPublic opinion _zUnited States _9704591 |
|
| 651 | 0 |
_aUnited States _xEconomic conditions _xPublic opinion _9858179 |
|
| 651 | 0 |
_aUnited States _xPolitics and government _9679132 |
|
| 887 | _aSanjib Karmakar | ||
| 901 |
_a565741 : _b04.07.11 |
||
| 902 | _aE 324.973092 V 471 | ||
| 904 | _aSanjib Karmakar | ||
| 949 |
_AVIRTUAITEM _D10000 _X100 _6PUB000565741ENG |
||
| 942 |
_2ddc _cBKS |
||
| 999 |
_aVIRTUA _c741663 _d741663 |
||
| 999 | _aVTLSSORT0080*0200*0400*0410*0440*0820*1000*2450*2600*3000*5040*6500*6501*6502*6510*6511*8520*9010*9020*9040*9992 | ||